Historia de la Compañía de Jesús en su asitencia moderna de España (Record no. 65511)

MARC details
000 -LEADER
campo de control de longitud fija 00534nam a2200169 i 4500
001 - NÚMERO DE CONTROL
campo de control 65511
003 - IDENTIFICADOR DE NÚMERO DE CONTROL
campo de control ES-MaACL
005 - FECHA Y HORA DE LA ÚLTIMA TRANSACCIÓN
campo de control 20230906165401.0
007 - CAMPO FIJO DE DESCRIPCIÓN FÍSICA--INFORMACIÓN GENERAL
campo de control de longitud fija t|
008 - DATOS DE LONGITUD FIJA--INFORMACIÓN GENERAL
campo de control de longitud fija 040114s1923 sp ||||1| spa d
100 1# - ENTRADA PRINCIPAL--NOMBRE DE PERSONA
Nombre de persona Frías, Lesmes.
9 (RLIN) 52585
245 10 - MENCIÓN DEL TÍTULO
Título Historia de la Compañía de Jesús en su asitencia moderna de España
Resto del título : (1815-1835) /
Mención de responsabilidad, etc. por Lesmes Frías.
260 ## - PUBLICACIÓN, DISTRIBUCIÓN, ETC.
Lugar de publicación, distribución, etc. Madrid :
Nombre del editor, distribuidor, etc. Razón y Fé,
Fecha de publicación, distribución, etc. 1923 (
Fabricante Vda. de López del Horno)
300 ## - DESCRIPCIÓN FÍSICA
Extensión CXIII, 780 p. ;
Dimensiones 25 cm.
500 ## - NOTA GENERAL
Nota general Es el t. 1.
852 ## - LOCALIZACIÓN
Ubicación ES-MaACL
Número de control de estantería D-8723
Holdings
Estatus retirado Estado de pérdida Estado de daño No para préstamo Biblioteca de origen Biblioteca actual Ubicación en estantería Fecha de adquisición Fuente de adquisición Total de préstamos Signatura topográfica completa Código de barras Visto por última vez Precio de reemplazo Tipo de ítem Koha
        Biblioteca del Ateneo de Madrid Biblioteca del Ateneo de Madrid Sala Valle Inclán 17/01/2008     D-8723 901068636 23/02/2023 23/02/2023 Libro impreso